Представление документа в формате RUSMARC

ПолеНазваниеЗначение
  Тип записи a
  Библиографический уровень m
001 Контрольный номер a2d0b06a4b444c46948d5d1973c90067
005 Дата корректировки 20140627110354.9
010 Индекс ISBN __
a ISBN 5-222-02874-7
200 Заглавие и сведения об ответственности 1_
a Заглавие Гостиничное и ресторанное дело,туризм
e Сведения, относящиеся к заглавию Сб.нормат.док.
f Первые сведения об ответственности Сост.Волков Ю.Ф.
210 Выходные данные 1_
a Место издания Ростов н\Д
c Издательство Феникс
d Дата издания 2003
215 Физическое описание __
a Объем 382 с.
225 Серия 2_
v Обозначение тома Закон и общество
610 Ключевые слова 0_
a Ключевые слова туризм
610 Ключевые слова 0_
a Ключевые слова туристический бизнес
610 Ключевые слова 0_
a Ключевые слова гостиничное обслуживание
610 Ключевые слова 0_
a Ключевые слова гостиничное хозяйство
610 Ключевые слова 0_
a Ключевые слова гостиничный бизнес
610 Ключевые слова 0_
a Ключевые слова рестораны и кафе
610 Ключевые слова 0_
a Ключевые слова нормативно-правовое регулирование
610 Ключевые слова 0_
a Ключевые слова нормативные акты(подзаконные акты)
610 Ключевые слова 0_
a Ключевые слова нормативы
610 Ключевые слова 0_
a Ключевые слова закон
610 Ключевые слова 0_
a Ключевые слова нормативнвй документ
686 Индексы других классификаций __
a Классификационный индекс 67.623.0-32
2 Код системы rubbk
686 Индексы других классификаций __
a Классификационный индекс 75.814
2 Код системы rubbk
801 Источник записи _0
a Страна RU
b Организация РУК
c Дата составления 20030618
g Правила каталогизации PSBO
801 Источник записи _1
a Страна RU
b Организация РУК
c Дата составления 20030618
g Правила каталогизации PSBO
852 Данные о местонахождении __
i Авторский знак Г72
j Шифр хранения ББК 67
901 Тип документа __
t Тип документа m
938 Служебная информация __
a Название организации Головной вуз
b Имя БД BOOK
c Название АИБС АИБС ИРБИС